Η εργασία των γυναικών στην Ευρώπη 19ος-20ος αι.
Saved in:
| Main Author: | |
|---|---|
| Corporate Author: | |
| Other Authors: | |
| Format: | Book |
| Language: | Greek |
| Published: |
Αθήνα :
Επιστημονικό και Μορφωτικό Ιδρυμα Κυκλάδων,
1988
|
| Series: | Τα σεμινάρια της Ερμούπολης = 1988
|
| Subjects: | |
| Tags: |
Add Tag
No Tags, Be the first to tag this record!
|
MARC
| LEADER | 00000nam a2200000 i 4500 | ||
|---|---|---|---|
| 001 | 1/99403 | ||
| 008 | 950330s1988 gre d | ||
| 035 | |l 10011289 | ||
| 040 | |a GR-MY-UA |b gre |e aacr | ||
| 041 | 0 | |a gre | |
| 082 | 0 | |a 305.42094 | |
| 100 | 1 | |a Perrot, Michelle. | |
| 245 | 1 | 2 | |a Η εργασία των γυναικών στην Ευρώπη 19ος-20ος αι. / |c Michelle Perrot ; Μετάφραση Δήμητρα Σαμίου |
| 260 | |a Αθήνα : |b Επιστημονικό και Μορφωτικό Ιδρυμα Κυκλάδων, |c 1988 | ||
| 300 | |a 80 σ. | ||
| 490 | 1 | |a Τα σεμινάρια της Ερμούπολης | |
| 650 | 0 | 0 | |a Women |x Employment |z Europe. |
| 700 | 1 | |a Σαμίου, Δήμητρα, |d 1959- |4 trl | |
| 710 | 2 | |a Επιστημονικό και Μορφωτικό Ιδρυμα Κυκλάδων. | |
| 830 | 0 | |a Τα σεμινάρια της Ερμούπολης = 1988 | |
| 852 | |a INST |b LESVOS |e 19950330 |h 305.42094 ΕΡΓ |p 005100001954 |q 005100001954 |t BK |y 0 | ||
| 909 | |a Λ |b 036661 | ||
| 922 | |a 1ΔΩΡ |b 199409 |c ΤΚΑ | ||